000 00416nam a22001337a 4500
082 _a330
_bSYN
100 _aSynge, Mark
_949227
245 _aCertain subjects taught to officers at the London school of economics/
260 _aCalcutta:
_bSuperintendent Government Printing, India.
_cc1909
300 _a204p,;
_bGraph:
_c22cm
526 _a0
_b0
_c0
_d330_000000000000000_SYN
650 _aMCE
_9379
942 _2ddc
_cBK
999 _c552038
_d552038